000 01561cam a22004694i 4500
003 PE-LiUPU
005 20250731173147.0
008 150623s2002 miu rb 001 0 eng d
020 _a1883925320
020 _a9781883925321
035 _a(Sirsi) i9781883925321
040 _aPE-LiUPU
_bspa
_cPE-LiUPU
_erda
049 _aPRUA
082 0 4 _a228.077
_bS79
_221
100 1 _aStefanovic, Ranko,
_eautor.
245 1 0 _aRevelation of Jesus Christ :
_bcommentary on the book of revelation /
_cRanko Stefanovic.
264 1 _aMichigan :
_bAndrews University Press,
_c2002.
300 _axvi, 652 páginas ;
_c24 centímetros
336 _atext
_2rdacontent
337 _aunmediated
_2rdamedia
338 _avolume
_2rdacarrier
504 _aBibliografía: páginas 614-626.
504 _aÍndice: páginas 627-654.
505 0 _aProlegue -- The messages to the seven churches -- The opening of the sealed scroll -- Epilogue.
526 _aSEG42
526 _aSEG41
526 _aSEG40
526 _aSEG39
526 _aP94
526 _aP87
526 _aP86
526 _aP85
526 _aP77
526 _aP76
526 _aP35
630 _aBiblia.
_pN.T.
_pApocalipsis
_xComentarios.
942 _2ddc
_cBOOK
994 _aC0
_bPEPRU
596 _a1
999 _a228.077 S79
_wDEWEY
_c35265
_i53304
_d35265
_e2016-6-7
_f2021-11-9
_g5
_lCCODEBUL1
_mBUL
_n7
_p40.00
_q16
_r0
_sY
_tBOOK
_u2015-6-24
_xTEOLOGIA
_PP35
_0COMPRA
_o.STAFF. Colección Teología
980 _81
_gALBERTO SANCHEZ Responsable de Automatización